X Congreso interamericano, VII congreso chileno de ingeniería química : anales = X Interamerican congress, VII chilean congress of chemical engineering : proceedings.

Guardado en:
Autores Corporativos: Congreso interamericano Santiago de Chile), Congreso chileno de ingeniería química, Inter-american congress, Chilean congress of chemical engineering
Formato: Libro
Idioma:Spanish
English
Publicado: [Santiago de Chile? : Universidad de Santiago de Chile, 1983?]
Materias:
Etiquetas: Agregar Etiqueta
Sin Etiquetas, Sea el primero en etiquetar este registro!
LEADER 01255nam a22002415a 4500
001 EIQ.libpla002109
008 070419s1983####cl#a#####b####100#0#spa#d
005 20070419184013.0
245 1 0 |a X Congreso interamericano, VII congreso chileno de ingeniería química : anales =  |b X Interamerican congress, VII chilean congress of chemical engineering : proceedings. 
246 3 1 |a X Interamerican congress, VII chilean congress of chemical engineering : proceedings. 
260 |a [Santiago de Chile? :  |b Universidad de Santiago de Chile,  |c 1983?] 
300 |a 2 v. :  |b il. ;  |c 26 cm. 
504 |a Incluye referencias bibliográficas. 
111 2 |a Congreso interamericano  |n (10º :  |d 1983 :  |c Santiago de Chile) 
711 2 |a Congreso chileno de ingeniería química  |n (7º :  |d 1983 :  |c Santiago de Chile) 
711 2 |a Inter-american congress  |n (10º :  |d 1983 :  |c Santiago de Chile) 
711 2 |a Chilean congress of chemical engineering  |n (7º :  |d 1983 :  |c Santiago de Chile) 
650 4 |a Ingeniería química  |x Congresos. 
650 4 |a Chemical engineering  |x Congresses. 
040 |a AR-BbSID  |b spa  |c AR-BbSID 
041 1 |a spa  |a eng 
859 |a AR-BbSID  |b BIB. PLAPIQUI  |h 660.284  |i C 76  |p 2635  |v Vol. 1  |3 Vol. 1 
859 |a AR-BbSID  |b BIB. PLAPIQUI  |h 660.284  |i C 76  |p 2636  |v Vol. 2  |3 Vol. 2